00469 2200181 4500001002100000005001700021006001900038008004100057020001800098035002500116041000700141082001000148100002100158245004000179260003700219300002200256990000900278INLIS00000000000336320140317130145.0a ||| | 180719| ||| | id  a979-006-140-4 a0010-031300000003363 aid0 a635.90 aNurheti Yuliarti00acaladium pesona sang sayap bidadari aJakartabAgromedia Pustakac2008 avi, 98 hlm, 24 cm a1138